00599nam a2200205 a 4500001001300000003000900013005001700022008004100039020002600080082001500106100001800121245007700139260004500216300000900261500003500270505001000305650002900315650003100344700001800375nice12345678IN_TiNIC20260116013859.0050524s1978 chia grp 000 0 eng  a0226198 c585.5500a142.7bKOH aKohak, Erazim aIdea and Experienceb Edmund Husserl`s Project of Phenomenology in Ideas aChicagobChicago University Press c1978 a249p aincludes index and biblioraphy2 aIndex aPhilosophy-Phenomenology aHusserl`s Edmund 1859-19381 aKohak, Erazim